000 00673nam a2200253Ia 4500
003 OSt
005 20220918214415.0
006 a|||||r|||| 00| 0
007 ta
008 220917b |||||||| |||| 00| 0 eng d
024 _a137,317
037 _cTextual
040 _aARTS
_cARTS
_beng
041 _2eng
_aeng
082 _aXM2, L1-;4
100 _aSweezy Paul M
245 0 _aOn the transition to socialism
260 _aNew York
_bMonthly Review Press
_c1971
300 _av,122p.
_ccm.
650 _aECONOMICS
700 _a Bettelheim Charles
942 _hXM2, L1-;4
_cTEXL
_2CC
999 _c260399
_d260399